| 000 | 00892 a2200169 4500 | ||
|---|---|---|---|
| 003 | Nust | ||
| 005 | 20221221104336.0 | ||
| 040 | _cNust | ||
| 082 | _a320.8,SIM | ||
| 100 |
_aSimon.E.D _9105452 |
||
| 245 |
_aA city Council From Within / _cE D Simon |
||
| 260 |
_aLondon _bLongmans _c1926 |
||
| 300 | _axx ,246: p.; | ||
| 505 | _aIntroduction (Page-1), The Electricity Committee (Page-8), The Public Health Committee (Page-16), The Housing Committee (Page-32), The Education Committee (Page-73), The Committee Systems (Page-82), Government Control (Page-101), The Civil Service (Page-130), The Lord Mayor (Page-151), The Limits of Maniple Trading (Page-168), The Limits of Municipal Trading(Page-168), The City Council (Page-181), The Party Systems (Page-194), Areas of Local Government (Page-201), Conclusion (Page-238). | ||
| 650 |
_aCity Council _9105453 |
||
| 942 |
_2ddc _cBK _k320.8,SIM |
||
| 999 |
_c185061 _d185061 |
||